|
|
|
|
| LEADER |
00000cam a22000004a 4500 |
| 001 |
musev2_9692 |
| 003 |
MdBmJHUP |
| 005 |
20230905041115.0 |
| 006 |
m o d |
| 007 |
cr||||||||nn|n |
| 008 |
081021s2009 pau o 00 0 eng d |
| 010 |
|
|
|z 2008043730
|
| 020 |
|
|
|a 9781592137367
|
| 020 |
|
|
|z 9781592137343
|
| 020 |
|
|
|z 9781592137350
|
| 035 |
|
|
|a (OCoLC)646844368
|
| 040 |
|
|
|a MdBmJHUP
|c MdBmJHUP
|
| 043 |
|
|
|a cc-----
|
| 050 |
0 |
4 |
|a GV1631
|b .C74 2009
|
| 082 |
0 |
|
|a 793.3/19729
|2 22
|
| 245 |
0 |
0 |
|a Creolizing Contradance in the Caribbean /
|c edited by Peter Manuel.
|
| 264 |
|
1 |
|a Philadelphia :
|b Temple University Press,
|c 2009.
|
| 264 |
|
3 |
|a Baltimore, Md. :
|b Project MUSE,
|c 2012
|
| 264 |
|
4 |
|c ©2009.
|
| 300 |
|
|
|a 1 online resource (287 pages):
|b ill. ;
|
| 336 |
|
|
|a text
|b txt
|2 rdacontent
|
| 337 |
|
|
|a computer
|b c
|2 rdamedia
|
| 338 |
|
|
|a online resource
|b cr
|2 rdacarrier
|
| 490 |
0 |
|
|a Studies in Latin American and Caribbean music
|
| 504 |
|
|
|a Includes bibliographical references and index.
|
| 505 |
0 |
|
|a Introduction : contradance and quadrille culture in the Caribbean / Peter Manuel -- Cuba: from contradanza to danzon / Peter Manuel -- Puerto Rico: the rise and fall of the danza as national music / Edgardo Diaz Diaz and Peter Manuel -- The Dominican Republic: danza and the contradanced merengue / Peter Manuel -- Guadeloupe, Dominica, Martinique, and St. Lucia: creole quadrilles / Dominique Cyrille -- Haiti: tracing the steps of the meringue and contredanse / Michael Largey -- The English-speaking Caribbean: re-embodying the colonial ballroom / Kenneth Bilby and Daniel Neely.
|
| 588 |
|
|
|a Description based on print version record.
|
| 650 |
|
0 |
|a Quadrille (Dance)
|z Caribbean Area.
|
| 650 |
|
0 |
|a Country-dances (Music)
|z Caribbean Area.
|
| 650 |
|
0 |
|a Music
|z Caribbean Area.
|
| 650 |
|
0 |
|a Dance music
|z Caribbean Area.
|
| 650 |
|
0 |
|a Dance
|z Caribbean Area.
|
| 655 |
|
7 |
|a Electronic books.
|2 local
|
| 700 |
1 |
|
|a Manuel, Peter,
|d 1952-
|
| 710 |
2 |
|
|a Project Muse.
|e distributor
|
| 830 |
|
0 |
|a Book collections on Project MUSE.
|
| 856 |
4 |
0 |
|z Texto completo
|u https://projectmuse.uam.elogim.com/book/9692/
|
| 945 |
|
|
|a Project MUSE - Custom Collection
|
| 945 |
|
|
|a Project MUSE - Archive Complete Foundation
|
| 945 |
|
|
|a Project MUSE - Archive History Foundation
|
| 945 |
|
|
|a Project MUSE - Archive Latin American and Caribbean Studies Foundation
|